000 00389nam a22001697a 4500
005 20260619144016.0
020 _a9789362606433
041 _aEnglish
082 _aT16 R25 SEL
100 _aSelvarani R
245 _aPodhutamil - Tamizhaga Varalarum Panpadum
250 _a01
260 _aChennai
_bCharulatha Pathippagam
_c2025
300 _a200
365 _b160.00
942 _cBK
999 _c177974
_d177974